000 00566nam a2200205 4500
003 OSt
005 20240703020808.0
006 a
008 240703b |||||||| |||| 00| 0 eng d
020 _a9789710445097
040 _aDWCL-HMN lib.
_cOC
082 _aFil. 338.4 S161t 2006
100 _aSalamanca, Ma. Dolores N.
245 _aTour guiding as a profession /
260 _aManila :
_bMindshapers Co., Inc.,
_cc2006.
300 _axiii,
_b137 p. : ill. ;
_c23 cm.
650 _a1. Tourist trade.
650 _a2. Travel.
942 _2ddc
_n0
_cBK - FIL
_kFil.
999 _c1851
_d1851